Financial and Investment Decisions of Risk Management with Accent on Risk Mapping

Finančné a investičné rozhodovanie v rizikovom manažmente. Finančný manažment firmy. Snaha majiteľov zvyšovať hodnotu majetku firmy. Užitočné kroky finančného rizikového manažmentu. Narastanie významu riadenia finančného rizika. Technika a kroky mapovania rizika a jeho význam v súčasnosti.

Saved in:
Bibliographic Details
Main Author: Pinda, Ľudovít, 1958-
Other Authors: Szabová, Alexandra
Format: Book Chapter
Language:English
Subjects:
Tags: Add Tag
No Tags, Be the first to tag this record!

MARC

LEADER 00000naa$a2200000$$$4500
001 0065697
005 20240502083158.2
041 0 |a eng 
044 |a RS 
245 1 0 |a Financial and Investment Decisions of Risk Management with Accent on Risk Mapping  |c Ľudovít Pinda, Alexandra Szabová 
520 |a Finančné a investičné rozhodovanie v rizikovom manažmente. Finančný manažment firmy. Snaha majiteľov zvyšovať hodnotu majetku firmy. Užitočné kroky finančného rizikového manažmentu. Narastanie významu riadenia finančného rizika. Technika a kroky mapovania rizika a jeho význam v súčasnosti. 
610 2 0 |a rozhodovanie finančné 
610 2 0 |a rozhodovanie investičné 
610 2 0 |a risk management 
610 2 0 |a riziko 
610 2 0 |a majetok podnikový 
100 1 |a Pinda, Ľudovít, 1958- 
700 1 |a Szabová, Alexandra